000 00618nam a2200205Ia 4500
005 20250326142258.0
008 250326s9999 xx 000 0 und d
020 _a0-13-464919-2
037 _aTextbook
040 _aFMSL
_beng
_cFMSL
041 _aeng
_2eng
084 _aX:8ogD658(2:55) M6;M9
_qFMSL
100 _aMcnurlin B C
_9743361
245 0 _aInformation systems management in practice
_cMcnurlin B C; Sprague R H
250 _a2
260 _aEnglewood
_bEnglewood, Prentice-Hall
_c1989
300 _axxii,570
942 _cTB
_hX:8ogD658(2:55) M6;M9
999 _c1294267
_d1294267